Условия генерации нефтей тогурского типа в южной части Нюрольской впадины; Проблемы геологии и освоения недр

Detalhes bibliográficos
Parent link:Проблемы геологии и освоения недр.— 2004.— С. 394-397
Autor principal: Ларионов Д. О.
Outros Autores: Кузьмина Н. С. (научный руководитель), Исаев В. И.
Idioma:russo
Publicado em: 2004
Assuntos:
Formato: Capítulo de Livro
KOHA link:https://koha.lib.tpu.ru/cgi-bin/koha/opac-detail.pl?biblionumber=211414

MARC

LEADER 00000naa2a2200000 4500
001 211414
005 20231031192514.0
035 |a (RuTPU)RU\TPU\book\230951 
090 |a 211414 
100 |a 20120313d2004 k y0rusy50 ca 
101 0 |a rus 
102 |a RU 
200 1 |a Условия генерации нефтей тогурского типа в южной части Нюрольской впадины  |f Д. О. Ларионов, Н. С. Кузьмина  |g науч. рук. В. И. Исаев 
320 |a Библиогр.: 5 назв. 
463 0 |0 (RuTPU)RU\TPU\book\77451  |y 5-89503-079-3  |t Проблемы геологии и освоения недр  |o труды Восьмого Международного симпозиума имени ак. М. А. Усова студентов и молодых ученых, посвященного 400-летию г. Томска, 5-9 апреля 2004 г., Томск  |f Администрация г. Томска; Томский политехнический университет  |v С. 394-397  |d 2004  |p 913 с. 
610 1 |a нефть 
610 1 |a генерация 
610 1 |a нефтегазоносность 
610 1 |a Нюрольская впадина 
610 1 |a Томская область 
610 1 |a карты 
610 1 |a труды учёных ТПУ 
700 1 |a Ларионов  |b Д. О. 
701 1 |a Кузьмина  |b Н. С. 
702 1 |a Исаев  |b В. И.  |4 727 
801 1 |a RU  |b 63413507  |c 20120313 
942 |c BK